| 000 | 00000nam 2200000zi 4500 |
| 001 | 9.867706 |
| 003 | CaOODSP |
| 005 | 20251103145031 |
| 006 | m o d f |
| 007 | cr ||||||||||| |
| 008 | 190129s2016 onc #o f000 0 fre d |
| 040 | |aCaOODSP|bfre|erda|cCaOODSP |
| 043 | |an-cn--- |
| 086 | 1 |aJ2-489/2016F-PDF |
| 110 | 1 |aCanada. |bMinistère de la justice. |
| 245 | 10|aAide médicale à mourir : |baperçu de la réponse du gouvernement fédéral. |
| 264 | 1|a[Ottawa] : |bGouvernement du Canada, |c[2016] |
| 300 | |a1 ressource en ligne (10 pages) |
| 336 | |atexte|btxt|2rdacontent/fre |
| 337 | |ainformatique|bc|2rdamedia/fre |
| 338 | |aressource en ligne|bcr|2rdacarrier/fre |
| 500 | |aTitre de la couverture. |
| 500 | |aPublié par Ministère de la justice. |
| 500 | |aPublié aussi en anglais sous le titre : Medical assistance in dying: overview of federal government response. |
| 520 | |aDécrit : Décision de la Cour suprême du Canada dans l'arrêt Carter ; Aperçu de la réponse du gouvernement fédéral à Carter ; Principaux objectifs législatifs ; Bref énoncé de la législation ; Système fédéral de surveillance et infractions ; Autres réponses fédérales(non législatives). |
| 692 | 07|2gccst|aEuthanasie |
| 692 | 07|2gccst|aPolitique gouvernementale |
| 775 | 08|tMedical assistance in dying : |w(CaOODSP)9.867698 |
| 856 | 40|qPDF|s781 Ko|uhttps://publications.gc.ca/collections/collection_2019/jus/J2-489-2016-fra.pdf |
| 856 | 40|qHTML|sS.O.|uhttps://www.justice.gc.ca/fra/jp-cj/am-ad/surv-over.html |